|
|
|
|
| LEADER |
00000nab a2200000 a 4500 |
| 001 |
vtls000324235 |
| 003 |
SK-MaSNL |
| 005 |
20260318132558.0 |
| 008 |
111202c1987 xo 0 ger |
| 015 |
|
|
|a SNBRA19rr/mm-uuuuu
|
| 035 |
|
|
|a CL0324357
|
| 040 |
|
|
|a SNKBUCL
|b slo
|c SNKBUCL
|e AACR2
|
| 041 |
0 |
|
|a ger
|
| 044 |
|
|
|a xo
|c SK
|
| 080 |
|
|
|a 630:519.673
|2 1981
|
| 080 |
|
|
|a 519.673
|2 1981
|
| 100 |
1 |
|
|a Möhring, Bernhard
|4 aut
|9 1218785
|
| 245 |
1 |
0 |
|a Dynamische Betriebsklassensimulation als Hilfsmittel der Entscheidungsfindung im Forstbetieb
|c Bernhard Möhring
|
| 300 |
|
|
|b Res. slov., angl., lit. 2 zázn. v nem.
|
| 650 |
0 |
7 |
|a lesné podniky
|2 snkbucl
|9 73850
|
| 655 |
|
7 |
|a články zo zborníkov
|2 snkbucl
|9 166140
|
| 773 |
0 |
|
|t Funkčne integrované obhospodarovanie lesov a komplexné využitie dreva
|d Zvolen : Edičné stredisko VŠLD, 1987
|g S. 161-166
|
| 850 |
|
|
|a Slovenská národná knižnica v Martine
|a MTA001
|
| 852 |
|
|
|a SNK
|b KIS3GCP
|
| 958 |
|
|
|a RK
|
| 992 |
|
|
|a RZB
|
| 999 |
|
|
|c 2136264
|d 2138194
|